000 00291nam a2200145Ia 4500
100 _aZIG ZIGLER
650 _aGeneral
942 _cBK
366 _f20
245 _aSEE YOU AT THE TOP
260 _bMANJUL PUBL.
_aBhopal
_c2012
082 _a170/ZIG
300 _a476
546 _aENGLISH
999 _c20642
_d20642